A törvény és a tapasztalatok a környezetvédelem öt éve Csongrád megyében /

Elmentve itt :
Bibliográfiai részletek
Szerző: Bátyi Zoltán
Dokumentumtípus: Cikk
Megjelent: 1981-06-24
Sorozat:Délmagyarország 71 No. 146
Kulcsszavak:Csongrád megye, Környezetvédelem Csongrád megye
Online Access:http://dmarchiv.bibl.u-szeged.hu/85925
LEADER 00542nab a2200157 i 4500
001 delm85925
005 20190618090857.0
008 190618s1981 hu o 0|| hun d
040 |a SZTE Délmagyarország Archívum  |b hun 
041 |a hun 
100 1 |a Bátyi Zoltán 
245 1 2 |a A törvény és a tapasztalatok   |h [elektronikus dokumentum] :  |b a környezetvédelem öt éve Csongrád megyében /  |c  Bátyi Zoltán 
260 |c 1981-06-24 
300 |a 8 
490 0 |a Délmagyarország  |v 71 No. 146 
695 |a Csongrád megye, Környezetvédelem Csongrád megye